000 00558nam a2200157 a 4500
008 120416s0000 ||||||||||||||||| || u
020 _a1861680546
050 _aHV 6626.5 Chi
100 _aDonnellan, Craig
245 1 0 _aChild abuse
_cedited by Craig Donnellan
246 _aissues
260 _aCambridge
_bIndependence Educational Publishers
_c1998
300 _a44p. : ill.
350 _a0.00
995 _D0.00
_FCBU-MAIN LIBRARY (Kitwe)
_H1
_I12.95
_M1
_UAVAILABLE
_ZMain Library Open Access Collection
999 _c37257
_d37257